000 00300nam a22001337a 4500
008 170601b xxu||||| |||| 00| 0 eng d
020 _a9780521483872
041 _aeng
080 _a94(4)
100 _a17
101 _aSHH
245 _aRUSSIA IN SEARCH OF ITS FUTURE
_cSAIKAL.A
942 _2udc
_cBK
999 _c15449
_d15449